000
00252nam a2200109Ia 4500
008
200302s9999 xx 000 0 und d
100
_a
Catherine Collin
245
_a
Sketcht Landscape
260
_b
Loft Publishing
260
_c
2009
300
_a
499 P.,
999
_c
3019
_d
3019